Caractéres, conduites et cultures (Registo nº 30522)
[ vista simples ]
| 000 -Etiqueta do registo | |
|---|---|
| Valores | 00554cam a22002171 4500 |
| 035 ## - | |
| -- | (porbase)209338 |
| 090 ## - | |
| -- | 30522 |
| 095 ## - | |
| -- | PTBN00216959 |
| 100 ## - Dados gerais de processamento | |
| Dados gerais | 20090623d1966 km y0pory5003 ba |
| 101 0# - Língua de publicação | |
| -- | fre |
| 102 ## - País de publicação | |
| -- | PT |
| 200 1# - Titulo e menção de responsabilidade | |
| Título próprio | Caractéres, conduites et cultures |
| 210 ## - Publicação | |
| Local de publicação | Lisboa |
| Nome do editor | Fund. Calouste Gulbenkian, |
| Data de publicação | 1966 [D.L. 1971] |
| 215 ## - Descrição física | |
| Paginação / Volumes | XXII, [1], 515, [1].p. |
| Outras indicações físicas | il. |
| Dimensões | 23 cm |
| 675 ## - CDU | |
| Notação | 159.9 |
| Edição | med |
| Língua | por |
| 801 #0 - Fonte de origem | |
| País | PT |
| Agência | BN |
| Regras de catalogação | RPC |
| 930 ## - | |
| -- | BECRE |
| 998 ## - | |
| -- | CR382 - 00472 |
| 990 ## - Elementos KOHA | |
| Tipo de documento | Livro |
| 995 ## - Localização e informação dos exemplares | |
| -- | 18 |
| Situação do levantamento | Estado | Biblioteca de origem | Biblioteca de empréstimo | Código de barras | Cota | Permissão de empréstimo | Tipo de documento |
|---|---|---|---|---|---|---|---|
| Completo | Biblioteca da Escola Básica e Secundária Dr Isidoro de Sousa | Biblioteca da Escola Básica e Secundária Dr Isidoro de Sousa | 1335EV | 159.9 CUL | Disponível | Livro |